Miscellaneous 7 - Statistics

General Stats
  • This quiz has been taken 2 times
  • The average score is 4 of 20
Answer Stats
Hint Answer % Correct
In what year did the U.S purchase Alaska from Russia for $7.2 million? 1867
100%
Who is the female-counterpart for Steve in Minecraft? She was added to the game in 2014. Alex
100%
Name any of the three girls from Despicable Me. Margo / Edith / Agnes
100%
Name the artist that made the song "Hey There Delilah". Plain White T's / Tom Higgenson
100%
Which Disney film was released in 1961 and featured anthropomorphic characters named Pongo and Perdita? 101 Dalmatians
0%
What is the name of Stephen Curry's wife? Ayesha
0%
Who was said to have committed suicide in order to avoid being captured by the Roman general Octavian in 30 BCE? Cleopatra
0%
More than 99% of the Earth's total gold is located where? Core / The Core
0%
What is another word for "davenport"? Couch / Sofa / Recliner
0%
"Alfonsino", "Amberjack", and "Chitala" are all examples of what? Fish
0%
Fill in the blank. The NATO/ICAO phonetic alphabet goes Alpha, Bravo, Charlie, Delta, Echo, "_______"... Foxtrot
0%
Who was the only man to serve as both Vice President and President without actually being elected for either? Gerald Ford / Ford
0%
Who was the shortest U.S president ever? (5'4") James / Madison
0%
In Wu Xing philosophy, the five elements are Fire, Water, Wind, Earth, and "_____". Metal
0%
Which country has the most amount of snake species? Mexico
0%
What company created the game "Human Fall Flat"? No Brakes / No Brakes Games
0%
Which country has the highest per capita alcohol consumption? Romania
0%
Who is known as the personification of death in Greek mythology? Thanatos
0%
"Kismet" essentially means "destiny" or "fate" in what language? Turkish
0%
Who wrote ""To be, or not to be, that is the question."? William Shakespeare / Shakespeare
0%
No matching quizzes found
Score Distribution
Percent of People with Each Score
Percentile by Number Answered
Your Score History
You have not taken this quiz